000 01192nam a2200337Ia 4500
001 Para_1390
003 CHAP
008 220125s1999 xx 000 0 und d
010 _a200098
040 _cCHAP
090 _aPA TESIS 1331
100 _aSánchez Hernández, Emma
_9107598
245 _aSelección de germoplasma de calabaza (Cucurbita pepo L.), y chilacayote (C. ficifolia Bouché), para resistencia al Damping off /
_c por Emma Sánchez Hernández y Martha Cristina Velázquez Enciso
260 _aChapingo, Méx. :
_b El autor
300 _a71 h.
502 _aTesis (Ing. Agr. Esp. en Parasitología Agrícola), UACh. Depto. Parasitología
650 _aCalabaza
_x enfermedades
_917269
650 _aChilacayote
_922313
650 _aCucurbitaceas
_929996
650 _aDamping off
_931009
650 _aHongos fitopatógenos
_956132
700 _aVelázquez Enciso, Martha Cristina
_9165030
710 _aUACh. Departamento de Parasitología Agrícola
_9115877
901 _aPA TESIS 1331
902 _aA
905 _a0000001999 a 0000000000 00
910 _a1999
942 _cPARA
942 _cPARA
_d1
999 _c200098
_d200098